Manual of Malayan timber trees : lauraceae

Bibliographic Details
Main Author: WYATT-SMITH
Format: Book
Published: Kuala Lumpur : Forest Research Institute , 1954
Series:Research pamphlet ; no. 5
Subjects:

MARC

LEADER 00000cam a2200000 7i4500
001 0000002973
005 20040327.0
090 0 0 |a RP 583.23   |b WYA 1954 
100 1 0 |a WYATT-SMITH   |h J. 
245 1 0 |a Manual of Malayan timber trees :   |b lauraceae   |c by J. Wyatt-Smith 
260 0 0 |a Kuala Lumpur :   |b Forest Research Institute ,   |c 1954 
300 |a 64 p. :   |b ill. ;   |c 34 cm. 
440 0 0 |a Research pamphlet ; no. 5 
650 0 0 |a Lauraceae   |z Malaysia 
650 0 0 |a Timber   |z Malaysia 
998 |a JPSM 
999 |a 0000005240   |b Monograph   |c Open Shelf   |e Default branch